| 000 | 00792nam a2200229 a 4500 | ||
|---|---|---|---|
| 001 | 4128 | ||
| 005 | 20140414131852.0 | ||
| 008 | 090209s19uu xx 00 eng d | ||
| 020 | _a0-7368-2725-0 | ||
| 050 |
_aM 623.74 _bSch1 2005 |
||
| 100 | _aSchaefer, A.R. (Adam Richard), 1976 | ||
| 245 |
_aJet fighter planes / _cby A. R..Schaefer. |
||
| 260 |
_aMankato, Minnesota : _bCapstone Press, _cc2005. |
||
| 300 | _a32 p. : col., ill. cm. | ||
| 440 | _aEdge books, wild rides! | ||
| 500 | _aIncludes bibliographical references and index. | ||
| 520 | _aDiscusses jet fighter planes, including their history, design, and use in military conflicts. | ||
| 650 |
_aFighter planes _xJuvenile literature. |
||
| 650 |
_aJet planes _xJuvenile literature. |
||
| 999 |
_c110237 _d110237 |
||